Loading...
| Science - Biology | 0 | 3 | 0 | 1 | 30 | 116 | 125.33 | 0 | 1 |
| Art - Other | 0 | 2 | 0 | 0 | 20 | 142 | 144.00 | 0 | 0 |
| Science - Astronomy | 0 | 2 | 0 | 1 | 20 | 64 | 93.00 | 0 | 1 |
| History - World | 0 | 2 | 1 | 0 | 15 | 101 | 117.00 | 0 | 1 |
| Mythology - Mixed/Any | 0 | 1 | 0 | 0 | 10 | 103 | 103.00 | 0 | 0 |
| Social Science - Psychology | 0 | 1 | 0 | 0 | 10 | 102 | 102.00 | 0 | 0 |
| Current Events/Modern World - Western political | 0 | 1 | 0 | 0 | 10 | 70 | 70.00 | 0 | 0 |
| Science - Chemistry | 0 | 1 | 0 | 0 | 10 | 119 | 119.00 | 0 | 0 |
| Science - Earth | 0 | 1 | 0 | 0 | 10 | 133 | 133.00 | 0 | 0 |
| Science - Other/CL/Misc | 0 | 1 | 0 | 0 | 10 | 89 | 89.00 | 0 | 1 |
| Social Science - Anthropology | 0 | 1 | 0 | 0 | 10 | 118 | 118.00 | 0 | 0 |
| Social Science - IR | 0 | 1 | 0 | 0 | 10 | 132 | 132.00 | 0 | 0 |
| History - American | 0 | 1 | 0 | 0 | 10 | 102 | 102.00 | 0 | 0 |
| History - Other | 0 | 0 | 0 | 0 | 0 | 0.00 | 0 | 0 |